000 00746nam a2200229Ii 4500
003 JO-AjNU
008 230605s9999||||xx |||||||||||||| ||und||
017 _a2005/6/1306
020 _a9957-02-192-3
040 _aJO-AjNU
_bara
_erda
_cJO-AjNU
041 _aara
050 1 4 _aG100.5.A959 2005
100 3 _aالعزيزي، هاني عبد الرحيم,
_eauthor
_917049
245 0 0 _aأسماء ومعان جغرافية
250 _aط1
264 3 1 _aعمان: دار مجدلاوي، 2005
300 _a105ص
336 _atext
_btxt
_2rdacontent
337 _aunmediated
_bn
_2rdamedia
338 _avolume
_bnc
_2rdacarrier
650 4 _aالجغرافيا-معجم مصطلحات- الاسماء الجغرافية - معاجم
_917050
999 _aA5185
_c8753
_d8753